Internal Combustion Engines : (Record no. 5460)

MARC details
000 -LEADER
fixed length control field 01188nam a22003015a 4500
008 - FIXED-LENGTH DATA ELEMENTS--GENERAL INFORMATION
fixed length control field 110420t2001 nyua fr 001 0 eng d
010 ## - LIBRARY OF CONGRESS CONTROL NUMBER
LC control number 00040432
020 ## - INTERNATIONAL STANDARD BOOK NUMBER
International Standard Book Number 9971513625 (cloth : alk. paper)
020 ## - INTERNATIONAL STANDARD BOOK NUMBER
International Standard Book Number 0471356174
040 ## - CATALOGING SOURCE
Original cataloging agency EG-ScBUE
Language of cataloging eng
Transcribing agency EG-ScBUE
082 04 - DEWEY DECIMAL CLASSIFICATION NUMBER
Classification number 621.43
Item number FER
Edition number 22
100 1# - MAIN ENTRY--PERSONAL NAME
Personal name Ferguson, Colin R.
245 10 - TITLE STATEMENT
Title Internal Combustion Engines :
Remainder of title Applied Thermosciences /
Statement of responsibility, etc Colin R. Ferguson, Allan T. Kirkpatrick.
250 ## - EDITION STATEMENT
Edition statement 2nd ed.
260 ## - PUBLICATION, DISTRIBUTION, ETC. (IMPRINT)
Place of publication, distribution, etc New York :
Name of publisher, distributor, etc John Wiley & Sons,
Date of publication, distribution, etc c.2001.
300 ## - PHYSICAL DESCRIPTION
Extent xiii, 369 p. :
Other physical details ill. ;
Dimensions 26 cm.
500 ## - GENERAL NOTE
General note Index: p.367-369.
504 ## - BIBLIOGRAPHY, ETC. NOTE
Bibliography, etc Includes bibliographical references.
590 ## - LOCAL NOTE (RLIN)
Local note Mohamed Hussein
650 #0 - SUBJECT ADDED ENTRY--TOPICAL TERM
Topical term or geographic name as entry element Internal combustion engines.
9 (RLIN) 23199
Source of heading or term BUEsh
650 #0 - SUBJECT ADDED ENTRY--TOPICAL TERM
Topical term or geographic name as entry element Thermodynamics.
9 (RLIN) 23200
Source of heading or term BUEsh
651 ## - SUBJECT ADDED ENTRY--GEOGRAPHIC NAME
Source of heading or term BUEsh
653 ## - INDEX TERM--UNCONTROLLED
Resource For college Engineering, Chemical
Arrived date list August2015
700 1# - ADDED ENTRY--PERSONAL NAME
Personal name Kirkpatrick, Allan Thomson.
9 (RLIN) 23201
856 42 - ELECTRONIC LOCATION AND ACCESS
Materials specified Contributor biographical information
Uniform Resource Identifier <a href="http://www.loc.gov/catdir/bios/wiley042/00040432.html">http://www.loc.gov/catdir/bios/wiley042/00040432.html</a>
856 42 - ELECTRONIC LOCATION AND ACCESS
Materials specified Publisher description
Uniform Resource Identifier <a href="http://www.loc.gov/catdir/description/wiley034/00040432.html">http://www.loc.gov/catdir/description/wiley034/00040432.html</a>
856 42 - ELECTRONIC LOCATION AND ACCESS
Materials specified Table of Contents
Uniform Resource Identifier <a href="http://www.loc.gov/catdir/toc/onix05/00040432.html">http://www.loc.gov/catdir/toc/onix05/00040432.html</a>
Holdings
Withdrawn status Item status Source of classification or shelving scheme Damaged status Not for loan Vendor Home library Current library Shelving location Date acquired Source of acquisition Cost, normal purchase price Total Checkouts Total Renewals Full call number Barcode Date last seen Date last borrowed Cost, replacement price Koha item type Serial Enumeration / chronology
    Dewey Decimal Classification       Central Library Central Library First floor 29/10/2007   230.00 8 94 621.43 FER 000006725 15/07/2025 30/04/2023 287.50 Book - Borrowing  
    Dewey Decimal Classification     Baccah Central Library Central Library First floor 20/04/2011   230.00     621.43 FER 000023297 15/07/2025   287.50 NB - Book (Non borrowing)  
    Dewey Decimal Classification     Baccah Central Library Central Library First floor 18/03/2012   230.00 11 118 621.43 FER 000026457 15/07/2025 26/11/2019 287.50 Book - Borrowing  
    Dewey Decimal Classification     Alahram Central Library Central Library First floor 23/10/2012   230.00 11 23 621.43 FER 000016379 15/07/2025 15/12/2019 287.50 Book - Borrowing 354